Normal view
MARC view
- Labrosse, Jean.J
Entry Personal Name
001 - CONTROL NUMBER
- control field: 61671
003 - CONTROL NUMBER IDENTIFIER
- control field: NUST
005 - DATE AND TIME OF LATEST TRANSACTION
- control field: 20210628202809.0
008 - FIXED-LENGTH DATA ELEMENTS
- fixed length control field: 210628|| aca||aabn | a|a d
040 ## - CATALOGING SOURCE
- Original cataloging agency: NUST
- Transcribing agency: NUST
100 ## - HEADING--PERSONAL NAME
- Personal name: Labrosse, Jean.J
670 ## - SOURCE DATA FOUND
- Source citation: Work cat.: (NUST): Labrosse, Jean.J, Embedded systems building blocks, complete and ready to use modules in c, 1988
